Thermal comfort (Record no. 78566)
[ view plain ]
| 000 -LEADER | |
|---|---|
| fixed length control field | 01233cab a22002055a 4500 |
| 001 - CONTROL NUMBER | |
| control field | L137248 |
| 008 - FIXED-LENGTH DATA ELEMENTS--GENERAL INFORMATION | |
| fixed length control field | 070326e2007 xxk 000 0 eng d |
| 035 ## - SYSTEM CONTROL NUMBER | |
| System control number | (Sirsi) u137248 |
| 041 0# - LANGUAGE CODE | |
| Language code of text/sound track or separate title | eng |
| 100 1# - MAIN ENTRY--PERSONAL NAME | |
| Personal name | Hacker, Jacob N. |
| 245 00 - TITLE STATEMENT | |
| Title | Thermal comfort |
| Remainder of title | climate change and the environmental design of buildings in the United Kingdom |
| 260 ## - PUBLICATION, DISTRIBUTION, ETC. | |
| Date of publication, distribution, etc. | 2007 |
| 490 ## - SERIES STATEMENT | |
| Series statement | Built Environment |
| Volume/sequential designation | 33(1) 2007, 97-114(18) |
| 520 ## - SUMMARY, ETC. | |
| Summary, etc. | Examines what the likely impacts of climate change will be on thermal comfort levels in existing UK buildings and how viable passive adaptation options are under the current set of future climate change scenarios. Covers: the theoretical basis for thermal comfort and the standards used by building designers; climate scenario data; qualitative implications for thermal comfort in simple free running buildings; dynamic thermal modelling of three notional case study office buildings; and discussion and conclusions. References. [Taken from journal abstract]. |
| 590 ## - LOCAL NOTE (RLIN) | |
| Local note | KA |
| 651 #4 - SUBJECT ADDED ENTRY--GEOGRAPHIC NAME | |
| Geographic name | United Kingdom |
| Chronological subdivision | |
| 690 ## - LOCAL SUBJECT ADDED ENTRY--TOPICAL TERM (OCLC, RLIN) | |
| Topical term or geographic name as entry element | BUILT ENVIRONMENT-BUILDING ELEMENTS-COMPLETE BUILDING SERVICES ELEMENTS-COMPLETE HEATING, VENTILATION AND AIR CONDITIONING SYSTEMS |
| 700 1# - ADDED ENTRY--PERSONAL NAME | |
| Personal name | Holmes Michael J. |
| 942 ## - ADDED ENTRY ELEMENTS (KOHA) | |
| Suppress in OPAC | 0 |
| Withdrawn status | Lost status | Source of classification or shelving scheme | Damaged status | Not for loan | Home library | Current library | Shelving location | Date acquired | Total Checkouts | Full call number | Barcode | Date last seen | Copy number | Price effective from | Koha item type |
|---|---|---|---|---|---|---|---|---|---|---|---|---|---|---|---|
| Dewey Decimal Classification | London | London | Journal article | 26/03/2007 | L137248 | 137248-1001 | 06/08/2019 | 1 | 06/08/2019 | Journal article |